000 00290 a2200121 4500
001 122244
020 _a9782090354904
040 _cEscola Canadense de Niteroi
100 _aColette Samson
245 1 0 _aAmis 1 et compagnie - Méthode de Français - A1
650 4 _aFrancês
942 _cBK
999 _c122244
_d122244